[Event "COL-ch sf"]
[Site "Santa Rosa"]
[Date "2021.08.16"]
[Round "10"]
[White "Zuluaga Mancilla, Cesar"]
[Black "Perez, Carlos Mario"]
[Result "1-0"]
[WhiteElo "2265"]
[BlackElo "1835"]
[PlyCount "145"]
[EventDate "2021.08.11"]
[EventType "swiss"]
[EventRounds "11"]
[EventCountry "COL"]
[SourceTitle "CBM 204 Extra"]
[Source "ChessBase"]
[SourceDate "2021.11.30"]
[SourceVersion "1"]
[SourceVersionDate "2021.11.30"]
[SourceQuality "1"]

1. d4 d5 2. Nf3 Nf6 3. c4 e6 4. Nc3 b6 5. Bg5 Be7 6. e3 0-0 7. Qb3 Bb7 8. Rd1 Re8 9. Bd3 h6 10. Bh4 Nbd7 11. 0-0 Kh8 12. Qc2 Rc8 13. Ne5 Nxe5 14. dxe5 Nd7 15. Bg3 Bc5 16. Qe2 dxc4 17. Bb1 Qe7 18. Qxc4 Red8 19. h4 a6 20. Ne4 b5 21. Qc2 Bxe4 22. Qxe4 Nf8 23. Rc1 Bb6 24. h5 Rd2 25. Bh4 Qd7 26. b3 Qd5 27. Qf4 Kg8 28. Be4 Qd7 29. Qg4 Nh7 30. Bf6 Ng5 31. Bxg5 hxg5 32. Qxg5 Qd8 33. Qg4 Kf8 34. Bb7 Rb8 35. Bc6 Qe7 36. a4 bxa4 37. bxa4 a5 38. Rc4 Ba7 39. Bb5 Rbd8 40. Rf4 R8d5 41. Qg6 Kg8 42. Qg3 Rxe5 43. Rxf7 Qg5 44. Qf3 Bc5 45. Rxc7 Rf5 46. Qa8+ Rf8 47. Qc6 Bd6 48. Rd7 Qe5 49. Rxd6 Rxd6 50. Qc7 Rf7 51. Qxa5 Qxh5 52. Qe1 Qh4 53. g3 Qh3 54. Qb4 Rd5 55. Qe4 Rh5 56. Qg2 Qg4 57. Be8 Rhf5 58. Bxf7+ Rxf7 59. Qa8+ Kh7 60. Kg2 Qf5 61. Qc6 e5 62. f3 g6 63. g4 Qg5 64. Qe8 Kg7 65. Rh1 Rf8 66. Qd7+ Rf7 67. Qd3 Qf6 68. Qe4 Rc7 69. Kg3 Qd6 70. Rb1 Rf7 71. a5 Qc7 72. Rb6 Rf6 73. Rb7 1-0

[Event "Manizales op 26th"]
[Site "Manizales"]
[Date "2017.01.08"]
[Round "8"]
[White "Perez, Carlos Mario"]
[Black "Ossa Quintero, Vladimir Andrey"]
[Result "0-1"]
[WhiteElo "1648"]
[BlackElo "1968"]
[PlyCount "64"]
[EventDate "2017.01.04"]
[EventType "swiss"]
[EventRounds "9"]
[EventCountry "COL"]
[SourceTitle "CBM 176 Extra"]
[Source "ChessBase"]
[SourceDate "2017.03.02"]
[SourceVersion "1"]
[SourceVersionDate "2017.03.02"]
[SourceQuality "1"]

1. d4 Nf6 2. c4 c5 3. d5 b5 4. cxb5 a6 5. bxa6 Bxa6 6. Nf3 d6 7. Nfd2 g6 8. Nc3 Bg7 9. e4 Bxf1 10. Nxf1 Nbd7 11. Ne3 0-0 12. 0-0 Qb6 13. f4 Rfb8 14. Kh1 Qb4 15. Qf3 Ne8 16. Ned1 Nb6 17. f5 Nf6 18. Nf2 Nbd7 19. Nd3 Qc4 20. Bd2 Ng4 21. b3 Qa6 22. fxg6 fxg6 23. Qf7+ Kh8 24. Nf4 Nde5 25. Qxe7 Bf6 26. Nxg6+ Nxg6 27. Qe6 Qd3 28. Rxf6 Qxd2 29. Qxg4 Qxc3 30. Raf1 Rxa2 31. h4 Ra1 32. h5 Qxf6 0-1

[Event "Medellin Amateur op"]
[Site "Medellin"]
[Date "2011.04.23"]
[Round "7.14"]
[White "Gaviria B, Alejandro"]
[Black "Perez, Carlos Mario"]
[Result "1-0"]
[WhiteElo "1600"]
[BlackElo "1676"]
[PlyCount "26"]
[EventDate "2011.04.20"]
[EventType "swiss"]
[EventRounds "9"]
[EventCountry "COL"]
[SourceTitle "EXT 2024"]
[Source "ChessBase"]
[SourceDate "2023.10.10"]
[SourceVersion "1"]
[SourceVersionDate "2023.10.10"]
[SourceQuality "1"]

1. d4 d5 2. f4 c5 3. c3 Bf5 4. Nf3 cxd4 5. cxd4 Nf6 6. Nbd2 Qc7 7. e3 Bc2 8. Qe2 a6 9. Ne5 e6 10. a3 Nbd7 11. Qf2 Bd6 12. Be2 Rc8 13. 0-0 0-0 1-0

[Event "Medellin Amateur op"]
[Site "Medellin"]
[Date "2011.04.22"]
[Round "4.4"]
[White "Perez, Carlos Mario"]
[Black "Pinzon, Edgar Andres"]
[Result "1-0"]
[WhiteElo "1676"]
[BlackElo "1785"]
[PlyCount "53"]
[EventDate "2011.04.20"]
[EventType "swiss"]
[EventRounds "9"]
[EventCountry "COL"]
[SourceTitle "EXT 2024"]
[Source "ChessBase"]
[SourceDate "2023.10.10"]
[SourceVersion "1"]
[SourceVersionDate "2023.10.10"]
[SourceQuality "1"]

1. e4 d5 2. exd5 Nf6 3. d4 Nxd5 4. Nf3 Bg4 5. Bc4 e6 6. 0-0 Bd6 7. Nbd2 Nf4 8. Ne4 Nc6 9. c3 Qe7 10. Bb5 0-0-0 11. Bxc6 bxc6 12. Bxf4 Bxf4 13. Qd3 Rd5 14. Nc5 Kb8 15. c4 Qxc5 16. Qb3+ Qb6 17. cxd5 Qxb3 18. axb3 Bxf3 19. gxf3 cxd5 20. Ra4 Kb7 21. Rfa1 Ra8 22. h3 Kb6 23. Kf1 a5 24. Ke2 Kb5 25. b4 Bc1 26. Rxa5+ Rxa5 27. bxa5 1-0

[Event "Medellin Amateur op"]
[Site "Medellin"]
[Date "2011.04.21"]
[Round "2.11"]
[White "Perez, Carlos Mario"]
[Black "Caceres Quintero, Gerson Mauricio"]
[Result "1/2-1/2"]
[WhiteElo "1676"]
[BlackElo "1600"]
[PlyCount "71"]
[EventDate "2011.04.20"]
[EventType "swiss"]
[EventRounds "9"]
[EventCountry "COL"]
[SourceTitle "EXT 2024"]
[Source "ChessBase"]
[SourceDate "2023.10.10"]
[SourceVersion "1"]
[SourceVersionDate "2023.10.10"]
[SourceQuality "1"]

1. d4 d5 2. c4 Nf6 3. Nc3 c6 4. Bg5 e6 5. e3 Be7 6. Nf3 Nbd7 7. Bd3 a6 8. c5 h6 9. Bh4 0-0 10. 0-0 b6 11. b4 b5 12. Bc2 a5 13. a3 Re8 14. Qd3 Nf8 15. Ne5 Bb7 16. f4 N6h7 17. Bxe7 Qxe7 18. e4 f6 19. Ng4 dxe4 20. Nxe4 f5 21. Nd6 fxg4 22. Nxe8 Qxe8 23. Rae1 axb4 24. axb4 Nf6 25. f5 Ba6 26. fxe6 Ra7 27. Rf2 Re7 28. Bb3 h5 29. d5 cxd5 30. Bxd5 Nxd5 31. Qxd5 Qd7 32. Ref1 Qb7 33. Qd6 Qd7 34. Qb6 Qb7 35. Qd8 Qd7 36. Rd2 1/2-1/2